| 000 | 00541nam a2200193Ia 4500 | ||
|---|---|---|---|
| 003 | IN-BaIIA | ||
| 008 | 211028s9999 xx 000 0 eng d | ||
| 020 | _a978-3-527-41004-0 | ||
| 040 | _cIIA Library | ||
| 080 |
_a524 _bBAR |
||
| 100 |
_aBartelmann, Matthias _936072 |
||
| 245 | 0 |
_aTheoretical astrophysics _ban introduction _cMatthias Bartelmann |
|
| 260 |
_aWeinheim _bWiley-VCH Verlag Gmbh _c2013 |
||
| 300 | _axx, 320p. | ||
| 490 | _aPhysics textbook | ||
| 650 |
_aAstrophysic _914955 |
||
| 650 |
_aAstrophysic _914955 |
||
| 942 | _cBK | ||
| 999 |
_c18866 _d18866 |
||